000 01701nam a2200325 i 4500
001 000048351
003 DO-SdBNP
005 20231017154342.0
006 a||||gr|||| 00| 0
007 ta
008 190211e2014 dr ad r 000 spa d
040 _aDO-SdBNP
_bspa
_cBNPHU
_erda
082 4 _a22
_bR426n
110 1 _aRepública Dominicana. Oficina Presidencial de Tecnología de la Información y Comunicaciones.
_937585
_eautor
245 1 0 _aNortic A4 2014 :
_bnorma para la interoperabilidad entre los organismo del gobierno dominicano. /
264 1 _aSanto Domingo :
_bDepartamento de Estandarización, Normativa y Auditoría Técnica.
_c2014
300 _a85 páginas ;
_bIlustraciones, gráficas
_c24 cm.
336 _2rdacontent
_atexto
_btxt
337 _2rdamedia
_asin mediación
_bn
338 _2rdacarrier
_avolumen
_bnc
490 _aCategoría: A
490 _aDocumento ;
_v1
500 _aIncluye bibliografía y notas al pié de páginas.
500 _aIncluye glosario de términos, páginas 61- 71.
500 _aIncluye abreviaturas y acrónimos.
504 _aBibliografía: páginas 79- 80
505 _aPrólogo.
_gMarco Legal.-- Introducción.
_gCapítulo I.
_tNormas para la interoperabilidad entre los organismos del Gobierno Dominicano.--
_gCapítulo II.
_tCatálogo de estándares de Interoperabilidad.--
_gCapítulo III.
_tInteroperabilidad Organizacional.--
_gCapítulo IV.
_tInteroperabilidad Semántica.--
_gCapítulo V.
_tInteroperabilidad Técnica.--
_tGlosario de términos.--
_tAbreviaturas y acrónimos.--
_tBibliografía.--
_tAnexos.--
_tEquipo de Trabajo.
_tBibliografía.--
_tAnexos.--
_tTrabajo en equipo.
590 _aInventariado, 2023 / MF
942 _2ddc
_cLBS1
999 _c47839
_d47839